Linguistic relativity today: language, mind, society, and the foundations of linguistic anthropology (Record no. 1225834)

MARC details
000 -LEADER
fixed length control field 00727nam a2200229Ia 4500
005 - DATE AND TIME OF LATEST TRANSACTION
control field 20241129105750.0
008 - FIXED-LENGTH DATA ELEMENTS--GENERAL INFORMATION
fixed length control field 241129s9999||||xx |||||||||||||| ||und||
020 ## - INTERNATIONAL STANDARD BOOK NUMBER
International Standard Book Number 978-0-367-43172-3
037 ## - SOURCE OF ACQUISITION
Stock number TB
040 ## - CATALOGING SOURCE
Original cataloging agency ARTS
Language of cataloging eng
Transcribing agency ARTS
041 ## - LANGUAGE CODE
Language code of text/sound track or separate title eng
Source of code eng
084 ## - COLON CLASSIFICATION NUMBER
Classification number P:(Y7) R1
Assigning agency ARTS
100 ## - MAIN ENTRY--PERSONAL NAME
Personal name Danesi Marcei Au.
9 (RLIN) 724645
245 #0 - TITLE STATEMENT
Title Linguistic relativity today: language, mind, society, and the foundations of linguistic anthropology
Statement of responsibility, etc. Danesi Marcei Au.
260 ## - PUBLICATION, DISTRIBUTION, ETC.
Place of publication, distribution, etc. USA
Name of publisher, distributor, etc. Routledge
Date of publication, distribution, etc. 2021
300 ## - PHYSICAL DESCRIPTION
Extent x,159p.
365 ## - TRADE PRICE
Price type code UKP
Price amount 34.99
490 ## - SERIES STATEMENT
Series statement Routledge foundations in lingustic anthropology
650 ## - SUBJECT ADDED ENTRY--TOPICAL TERM
Topical term or geographic name entry element LinguisticsSociology
9 (RLIN) 726363
942 ## - ADDED ENTRY ELEMENTS (KOHA)
Koha item type Textbook
Classification part P:(Y7) R1

No items available.

Copyright @ Delhi University Library System